Т. 19, № 1; Лазерная медицина

書目詳細資料
Parent link:Лазерная медицина: научно-практический журнал/ Федеральное государственное бюджетное учреждение "Государственный научный центр лазерной медицины Федерального медико-биологического агентства". Т. 19, № 1.— , 2003-
總結:Режим доступа: по договору с организацией-держателем ресурса
語言:俄语
出版: 2015
在線閱讀:https://elibrary.ru/contents.asp?id=34060367
格式: MixedMaterials 電子 圖書
KOHA link:https://koha.lib.tpu.ru/cgi-bin/koha/opac-detail.pl?biblionumber=579222

MARC

LEADER 00000nam2a2200000 4500
001 579222
005 20231101130505.0
035 |a (RuTPU)RU\TPU\prd\278817 
035 |a RU\TPU\prd\278813 
090 |a 579222 
100 |a 20180627a20039999k y0rusy50 ca 
101 0 |a rus 
102 |a RU 
181 0 |a i  
182 0 |a b 
200 0 |a Т. 19, № 1  |b Электронный ресурс 
203 |a Текст  |c электронный 
210 |d 2015 
333 |a Режим доступа: по договору с организацией-держателем ресурса 
461 1 |0 (RuTPU)RU\TPU\prd\17397  |t Лазерная медицина  |o научно-практический журнал  |f Федеральное государственное бюджетное учреждение "Государственный научный центр лазерной медицины Федерального медико-биологического агентства"  |v Т. 19, № 1  |d 2003- 
801 0 |a RU  |b 63413507  |c 20010227  |g PSBO 
801 1 |a RU  |b 63413507  |c 20120426 
801 2 |a RU  |b 63413507  |c 20180627  |g RCR 
856 4 0 |u https://elibrary.ru/contents.asp?id=34060367 
942 |c BK